| 000 | 00720cab a2200277 4500 | ||
|---|---|---|---|
| 001 | ABS60436 | ||
| 008 | 090401t1999 xxu||||| |||| 00| 0 eng d | ||
| 035 | _a(Sirsi) u93178 | ||
| 041 | _aeng | ||
| 100 | _aPhillips, P. | ||
| 245 | _aStructural integrity assessment and monitoring | ||
| 260 | _c1999 | ||
| 350 | _a0 | ||
| 490 |
_aFaculty of Building Journal _v8 (2) April 1999, 13-15(3) |
||
| 650 | _aASSESSMENTS | ||
| 650 | _aCM | ||
| 650 | _aCONDITION MONITORING | ||
| 650 | _aDYNAMIC RESPONSE TESTING | ||
| 650 | _aSTRUCTURAL INTEGRITY | ||
| 650 | _aSTRUCTURES | ||
| 650 | _aTESTING | ||
| 650 | _aVIADUCTS | ||
| 690 | _aBUILT ENVIRONMENT-BUILDING INSPECTION | ||
| 942 | _n0 | ||
| 948 | _c07/05/1999 | ||
| 999 |
_c59054 _d59054 |
||